[Event "33rd Leon Blitz Open 2020"]
[Site "chess.com INT"]
[Date "2020.07.14"]
[Round "5"]
[White "Hamley, Ryan"]
[Black "Nguyen, Hong Anh"]
[Result "0-1"]
[BlackTitle "WIM"]
[WhiteElo "2089"]
[BlackElo "1970"]
[WhiteFideId "30959497"]
[BlackFideId "12406732"]
[EventDate "2020.07.14"]
[EventType "blitz"]

1. d4 Nf6 2. c4 g6 3. Nf3 Bg7 4. Nc3 d5 5. cxd5 Nxd5 6. Na4 O-O 7. e4 Nb6 8. Be3
Bg4 9. Be2 Nc6 10. d5 Bxf3 11. Bxf3 Ne5 12. Be2 c6 13. Nxb6 axb6 14. O-O cxd5
15. exd5 Ra5 16. Qb3 Rxd5 17. Bxb6 Qd7 18. Rfd1 Rxd1+ 19. Rxd1 Qc6 20. f4 Nd7
21. Bf2 Nc5 22. Qc4 Ne4 23. Qxc6 bxc6 24. Bd4 Bh6 25. g3 Ra8 26. a3 Nd6 27. Bf3
Rc8 28. Rc1 Nb5 29. Be3 e5 30. Rxc6 Rd8 31. Rc5 exf4 32. gxf4 Nd4 33. Kf2 Nf5
34. a4 Rb8 35. Rc2 Rb4 36. Bd2 Rxa4 37. Rc8+ Bf8 38. b3 Ra2 39. Ke1 Kg7 40. Bc3+
f6 41. Bxf6+ Kxf6 42. Rxf8+ Kg7 43. Rd8 Rxh2 44. b4 Rb2 45. Rb8 Nd4 46. Be4 Re2+
47. Kf1 Rxe4 48. b5 Rxf4+ 49. Kg2 Rf7 50. Rd8 Nxb5 0-1

[Event "33rd Leon Blitz Open 2020"]
[Site "chess.com INT"]
[Date "2020.07.14"]
[Round "5"]
[White "Gurevich, Dmitry"]
[Black "Swati, Mohota"]
[Result "1-0"]
[WhiteTitle "GM"]
[BlackTitle "WFM"]
[WhiteElo "2399"]
[BlackElo "2027"]
[WhiteFideId "2000407"]
[BlackFideId "5006511"]
[EventDate "2020.07.14"]
[EventType "blitz"]

1. d4 d5 2. c4 c6 3. cxd5 cxd5 4. Bg5 Nc6 5. Nc3 Nf6 6. Bxf6 gxf6 7. e3 Bg7 8.
g3 Bf5 9. Bg2 e6 10. Nge2 O-O 11. O-O Rc8 12. a3 a6 13. b4 Nxb4 14. axb4 Rc4 15.
b5 axb5 16. Nxb5 Qd7 17. Nbc3 Rfc8 18. Qb3 Bd3 19. Rfd1 Bxe2 20. Nxe2 Rc2 21.
Nf4 R8c3 22. Qa4 b5 23. Qa7 Rc7 24. Qb6 h6 25. h4 Bf8 26. Ra8 Rc8 27. Rxc8 Rxc8
28. Rb1 b4 29. Nd3 Qe7 30. Nc5 e5 31. Qxb4 exd4 32. exd4 Qe2 33. Qb2 Qxb2 34.
Rxb2 Bxc5 35. Rc2 Rc7 36. dxc5 d4 37. c6 Kf8 38. Rd2 Ke7 39. Rxd4 Ke6 40. Rd7
Rc8 41. Bd5+ Ke5 42. f4+ Kf5 43. c7 Kg4 44. Kg2 f5 45. Bf3# 1-0

[Event "33rd Leon Blitz Open 2020"]
[Site "chess.com INT"]
[Date "2020.07.14"]
[Round "5"]
[White "Bagrationi, Dmitry"]
[Black "Sankalp, Gupta"]
[Result "1-0"]
[WhiteTitle "FM"]
[BlackTitle "IM"]
[WhiteElo "2316"]
[BlackElo "2429"]
[WhiteFideId "14105047"]
[BlackFideId "5097010"]
[EventDate "2020.07.14"]
[EventType "blitz"]

1. e4 e6 2. d4 d5 3. e5 c5 4. c3 Nc6 5. Nf3 Qb6 6. a3 Nh6 7. b4 cxd4 8. cxd4 Nf5
9. Be3 f6 10. exf6 gxf6 11. Bd3 Nxe3 12. fxe3 Bh6 13. Qe2 e5 14. Bb5 O-O 15. Nc3
Be6 16. Na4 Qc7 17. Nc5 Bf7 18. O-O Rae8 19. dxe5 fxe5 20. e4 d4 21. Bc4 Bxc4
22. Qxc4+ Qf7 23. Nd2 Qxc4 24. Nxc4 Rxf1+ 25. Kxf1 Re7 26. Ke2 b6 27. Nd3 Bg7
28. b5 Nd8 29. Rc1 Nf7 30. a4 h5 31. Nb4 Ng5 32. Kd3 Ne6 33. Nd6 Nc5+ 34. Rxc5
bxc5 35. Nc6 Rd7 36. Nc4 Rb7 37. Nxa7 Rxa7 38. a5 Bf8 39. b6 Rd7 40. a6 Rd8 41.
a7 Bd6 42. Nxd6 Kf8 43. b7 1-0

[Event "33rd Leon Blitz Open 2020"]
[Site "chess.com INT"]
[Date "2020.07.14"]
[Round "5"]
[White "Rohith, Krishna S"]
[Black "Padmini, Rout"]
[Result "0-1"]
[WhiteTitle "FM"]
[BlackTitle "IM"]
[WhiteElo "2304"]
[BlackElo "2370"]
[WhiteFideId "46617051"]
[BlackFideId "5029295"]
[EventDate "2020.07.14"]
[EventType "blitz"]

1. Nf3 Nf6 2. g3 c5 3. Bg2 g6 4. O-O Bg7 5. d3 O-O 6. e4 Nc6 7. c3 e5 8. Be3 b6
9. c4 d6 10. Nc3 Ne8 11. Nd5 Nc7 12. Nd2 Nxd5 13. cxd5 Nd4 14. Bxd4 exd4 15. f4
h6 16. a4 Rb8 17. Nc4 a6 18. Qe2 Re8 19. Qd2 Qc7 20. Rae1 b5 21. axb5 axb5 22.
Na5 c4 23. Nc6 Rb6 24. Qb4 Rxc6 25. dxc6 Qxc6 26. e5 d5 27. dxc4 bxc4 28. Rd1 d3
29. b3 Bf8 30. Qc3 Qb6+ 31. Kh1 Be6 32. bxc4 dxc4 33. Rb1 Qc7 34. Rfd1 Rd8 35.
Rb7 Qc5 36. Rb2 Qa3 37. Qxa3 Bxa3 38. Ra2 c3 39. Rxa3 c2 40. Rg1 d2 41. Raa1
d1=Q 42. Be4 Qe2 43. Rae1 Qc4 44. h4 Bd5 45. Bxd5 Rxd5 46. Kh2 Rd2+ 47. Kh3 Qe6+
48. g4 h5 49. f5 Qb3+ 50. Rg3 Qxg3+ 51. Kxg3 Rd1 52. e6 Rxe1 53. fxg6 fxe6 0-1

[Event "33rd Leon Blitz Open 2020"]
[Site "chess.com INT"]
[Date "2020.07.14"]
[Round "5"]
[White "Mehdi, Hasan Parag"]
[Black "Kowalczyk, Pawel"]
[Result "1-0"]
[WhiteTitle "FM"]
[WhiteElo "2180"]
[BlackElo "2339"]
[WhiteFideId "10201203"]
[BlackFideId "1130641"]
[EventDate "2020.07.14"]
[EventType "blitz"]

1. e4 c5 2. Nf3 Nc6 3. Bb5 g6 4. Bxc6 dxc6 5. d3 Bg7 6. h3 Nf6 7. O-O O-O 8. Nc3
Nd7 9. Be3 e5 10. Qd2 Re8 11. Nh2 b6 12. f4 exf4 13. Rxf4 Ne5 14. Raf1 Be6 15.
R4f2 Qd7 16. Nf3 Nxf3+ 17. Rxf3 c4 18. d4 Rad8 19. Ne2 f5 20. exf5 Bxf5 21. c3
Bd3 22. R1f2 Rf8 23. Rxf8+ Rxf8 24. Rxf8+ Bxf8 25. Nf4 Be4 26. Qf2 Qf5 27. Ne2
a5 28. Qxf5 Bxf5 29. a3 b5 30. g4 Bd3 31. Nf4 Be4 32. Ne6 Be7 33. Kf2 Bd5 34.
Nf4 Bf7 35. Ne2 g5 36. Ng3 Bg6 37. Kf3 Kf7 38. Ne4 h6 39. Ng3 Ke6 40. Bf2 Kd5
41. Nf5 Bxf5 42. gxf5 h5 43. Be3 Bf6 44. Bd2 c5 45. dxc5 Kxc5 46. Ke4 Kc6 47.
Be3 Kd6 48. Bb6 b4 49. Bxa5 Bxc3 50. Bxb4+ Bxb4 51. axb4 1-0

[Event "33rd Leon Blitz Open 2020"]
[Site "chess.com INT"]
[Date "2020.07.14"]
[Round "5"]
[White "Siddharth, Jagadeesh"]
[Black "Hejazipour, Mitra"]
[Result "0-1"]
[WhiteTitle "FM"]
[BlackTitle "WGM"]
[WhiteElo "2320"]
[BlackElo "2300"]
[WhiteFideId "5818320"]
[BlackFideId "12505951"]
[EventDate "2020.07.14"]
[EventType "blitz"]

1. e4 c5 2. d3 e6 3. g3 Nc6 4. Bg2 g6 5. f4 Bg7 6. Nf3 Nge7 7. O-O O-O 8. c3 d5
9. e5 b5 10. Be3 b4 11. Bxc5 a5 12. a3 bxc3 13. Nxc3 Ba6 14. Rf2 Re8 15. b4 axb4
16. axb4 Bb7 17. Rxa8 Bxa8 18. b5 Nb8 19. Qa4 Nd7 20. Bxe7 Qxe7 21. d4 Rc8 22.
Rc2 Nb6 23. Qb3 Qc7 24. Ne1 Qc4 25. Qxc4 Rxc4 26. Ne2 Rb4 27. Nd3 Rxb5 28. Nc3
Rb3 29. Nc5 Rb4 30. Ra2 Bf8 31. Nd7 Nxd7 32. Rxa8 Rxd4 33. Bf1 Nc5 34. Nb5 Rd1
35. Nd6 Ne4 36. Kg2 Rd2+ 37. Kh3 h5 38. Nxe4 dxe4 39. Ra4 e3 40. Re4 Bc5 41. Bc4
Bd4 42. Bb5 Kf8 43. Ba6 Ke7 44. Bb5 Kd8 45. Ba6 Kc7 46. Bb5 Kb6 47. Bf1 Kc5 48.
Ba6 Kb4 49. Bf1 Kc3 50. Ba6 Kc2 51. Bf1 Kd1 52. Bg2 Ke1 53. Bf3 Kf2 54. Bh1 e2 0-1

[Event "33rd Leon Blitz Open 2020"]
[Site "chess.com INT"]
[Date "2020.07.14"]
[Round "5"]
[White "Gukesh, D"]
[Black "Svane, Rasmus"]
[Result "0-1"]
[WhiteTitle "GM"]
[BlackTitle "GM"]
[WhiteElo "2563"]
[BlackElo "2613"]
[WhiteFideId "46616543"]
[BlackFideId "4657101"]
[EventDate "2020.07.14"]
[EventType "blitz"]

1. c4 e6 2. Nf3 d5 3. e3 Nf6 4. Nc3 a6 5. b3 c5 6. cxd5 exd5 7. d4 Nc6 8. Bb2
Bg4 9. Be2 Bxf3 10. Bxf3 cxd4 11. exd4 Be7 12. O-O O-O 13. Re1 Rc8 14. Rc1 Re8
15. a3 h6 16. g3 Qd7 17. Na4 Qf5 18. Kg2 Bd6 19. Nc5 Bxc5 20. dxc5 Ne4 21. Qd3
Rcd8 22. Rcd1 Qg6 23. b4 Kh7 24. Re3 f5 25. Bd4 Ng5 26. Rxe8 Rxe8 27. Bxd5 Rd8
28. Qc4 Qh5 29. Rd3 Qe2 30. Bc3 Ne4 31. Rf3 Qc2 32. Ba1 Qb1 33. Bd4 Nd2 34. Qd3
Qxd3 35. Rxd3 Rxd5 0-1

[Event "33rd Leon Blitz Open 2020"]
[Site "chess.com INT"]
[Date "2020.07.14"]
[Round "5"]
[White "Ortega Amarelle, Mariano"]
[Black "Skuhala, Barbara"]
[Result "1/2-1/2"]
[WhiteTitle "IM"]
[BlackTitle "WFM"]
[WhiteElo "2458"]
[BlackElo "2089"]
[WhiteFideId "3504301"]
[BlackFideId "14605465"]
[EventDate "2020.07.14"]
[EventType "blitz"]

1. e4 c5 2. Nf3 d6 3. Bb5+ Nd7 4. c3 Nf6 5. Qe2 e5 6. O-O Be7 7. d4 O-O 8. dxe5
dxe5 9. a4 Qc7 10. Rd1 a6 11. Bd3 b6 12. Bg5 Bb7 13. Na3 Rfd8 14. Nc4 b5 15. Ne3
c4 16. Bc2 Nc5 17. Nf5 h6 18. Bh4 Kh8 19. Bg3 Nd3 20. Bxd3 cxd3 21. Rxd3 Rxd3
22. Nxe5 Rxg3 23. Nxf7+ Kg8 24. N7xh6+ gxh6 25. hxg3 Bf8 26. f3 Qc5+ 27. Kh1 Qc4
28. Qe3 Qf7 29. axb5 axb5 30. Rxa8 Bxa8 31. g4 Bc6 32. Nxh6+ Bxh6 33. Qxh6 Qh7
34. Qxh7+ Kxh7 35. Kg1 Nxe4 36. fxe4 Bxe4 37. Kf2 Kg6 38. Ke3 Bxg2 39. Kd4 Bf1
40. Kc5 Kg5 41. b3 Kxg4 42. c4 bxc4 43. bxc4 Bxc4 1/2-1/2

[Event "33rd Leon Blitz Open 2020"]
[Site "chess.com INT"]
[Date "2020.07.14"]
[Round "5"]
[White "Sasikiran, Krishnan"]
[Black "Golubev, Mikhail"]
[Result "1-0"]
[WhiteTitle "GM"]
[BlackTitle "GM"]
[WhiteElo "2647"]
[BlackElo "2461"]
[WhiteFideId "5004985"]
[BlackFideId "14100983"]
[EventDate "2020.07.14"]
[EventType "blitz"]

1. e4 c5 2. Nf3 d6 3. d4 cxd4 4. Nxd4 Nf6 5. Nc3 g6 6. Bc4 Bg7 7. h3 O-O 8. Nf3
Nc6 9. O-O Bd7 10. Qe2 Rc8 11. Rd1 Na5 12. Bd3 Bc6 13. Bg5 Nd7 14. Nd5 Bxd5 15.
exd5 Qb6 16. Rab1 Qc7 17. c4 Ne5 18. Nxe5 Bxe5 19. Rdc1 b6 20. b4 Nb7 21. h4 Nd8
22. h5 f5 23. Bd2 Nf7 24. g3 Bf6 25. f4 Rce8 26. g4 fxg4 27. hxg6 Nh6 28. Kg2 e5
29. dxe6 Bg7 30. gxh7+ Kh8 31. Re1 Rf6 32. Qe4 Rfxe6 33. Qxe6 Rxe6 34. Rxe6 Qc6+
35. Be4 Qd7 36. f5 Nf7 37. Bd5 Ne5 38. f6 Bxf6 39. Rxf6 Qg7 40. Rbf1 Nf3 41. Bc3
Nh4+ 42. Kg3 1-0

[Event "33rd Leon Blitz Open 2020"]
[Site "chess.com INT"]
[Date "2020.07.14"]
[Round "5"]
[White "Vinter-Schou, Uffe"]
[Black "Herrera Reyes, Jose Antonio"]
[Result "0-1"]
[WhiteTitle "IM"]
[BlackTitle "FM"]
[WhiteElo "2349"]
[BlackElo "2304"]
[WhiteFideId "1400568"]
[BlackFideId "2274914"]
[EventDate "2020.07.14"]
[EventType "blitz"]

1. e4 c5 2. Nf3 e6 3. c3 Qa5 4. Na3 a6 5. Nc4 Qc7 6. a4 b6 7. d4 d6 8. Bf4 cxd4
9. cxd4 Bb7 10. Rc1 Qd8 11. Qb3 Bxe4 12. Nxb6 Nd7 13. Nxa8 Qxa8 14. Be2 Ngf6 15.
Kf1 Be7 16. h4 O-O 17. Rh3 Rb8 18. Qa3 Qd5 19. Bc4 Qf5 20. Bxd6 Bxd6 21. Qxd6
Rxb2 22. Bxa6 h6 23. Bb5 Bd3+ 24. Bxd3 Qxd3+ 25. Kg1 Qe2 26. Rf1 Ra2 27. Ne5
Nxe5 28. Qxe5 Qa6 29. Rg3 Kh7 30. Qb5 Qxa4 31. Qxa4 Rxa4 32. Rd1 Nd5 33. h5 Nf6
34. Rh3 Ra5 35. f3 Rd5 36. g4 e5 37. Rh2 e4 38. Kf2 Ra5 39. Ke3 Ra3+ 40. Kf4
Rxf3+ 41. Ke5 Nxg4+ 42. Kxe4 Nxh2 43. d5 Ra3 44. d6 Ra8 45. d7 Rd8 46. Kf4 Kg8
47. Ke5 Ng4+ 48. Kd6 Nf6 49. Ke7 Rxd7+ 0-1

[Event "33rd Leon Blitz Open 2020"]
[Site "chess.com INT"]
[Date "2020.07.14"]
[Round "5"]
[White "Sharmin, Samiha Shimmi"]
[Black "Schut, Han"]
[Result "0-1"]
[WhiteTitle "WCM"]
[WhiteElo "1812"]
[BlackElo "2101"]
[WhiteFideId "10203087"]
[BlackFideId "1005561"]
[EventDate "2020.07.14"]
[EventType "blitz"]

1. e4 c5 2. Nf3 d6 3. d4 cxd4 4. Nxd4 Nf6 5. Nc3 a6 6. Be3 e5 7. Nb3 Be6 8. f3
Be7 9. Qd2 Nbd7 10. Nd5 Nxd5 11. exd5 Bf5 12. Be2 h6 13. O-O O-O 14. c4 b6 15.
a4 a5 16. Bd3 Bxd3 17. Qxd3 f5 18. Nd2 Qe8 19. b4 axb4 20. Qb3 Nc5 21. Qxb4 Rxa4
22. Qxb6 Nd3 23. Rxa4 Qxa4 24. Qb5 Qc2 25. Qb1 Qxb1 26. Rxb1 Ra8 27. h3 Ra2 28.
Rb3 f4 29. Rxd3 fxe3 30. Nb1 Ra1 31. Rd1 e2 32. Re1 Bh4 33. Rxe2 Rxb1+ 34. Kh2
Rc1 35. Re4 Bf6 36. h4 Kf7 37. g4 Ke7 38. Kg3 Kd7 39. h5 Bg5 40. Kf2 Rc2+ 41.
Kg3 Bf4+ 42. Kh4 Rh2# 0-1

[Event "33rd Leon Blitz Open 2020"]
[Site "chess.com INT"]
[Date "2020.07.14"]
[Round "5"]
[White "Olsen, Filip Boe"]
[Black "Garcia Cardenas, Pablo"]
[Result "1-0"]
[WhiteTitle "IM"]
[BlackTitle "IM"]
[WhiteElo "2353"]
[BlackElo "2422"]
[WhiteFideId "1440640"]
[BlackFideId "3406903"]
[EventDate "2020.07.14"]
[EventType "blitz"]

1. d4 Nf6 2. c4 g6 3. Nc3 d5 4. Bf4 Bg7 5. e3 O-O 6. Rc1 Be6 7. c5 c6 8. Bd3 Re8
9. h3 Bc8 10. Nf3 Nfd7 11. b4 e5 12. dxe5 Nxe5 13. Nxe5 Bxe5 14. Bxe5 Rxe5 15.
O-O a5 16. a3 Na6 17. Qb3 axb4 18. axb4 Qh4 19. Bxa6 Bxh3 20. Ne2 Bxg2 21. Kxg2
Rh5 22. Ng3 Qh3+ 23. Kf3 Rxa6 24. Ke2 Qg4+ 25. Kd2 Rh2 26. Ne2 Qf3 27. b5 cxb5
28. Qxb5 Qe4 29. Nc3 Qf5 30. Ke1 d4 31. Qxb7 dxc3 32. Qxa6 Qd5 33. Qe2 Qxc5 34.
Qc2 Qb5 35. Qxc3 Rh5 36. Qc8+ Kg7 37. Qc3+ Kg8 38. Qd4 Qa5+ 39. Qd2 Qb6 40. Rc8+ 1-0

[Event "33rd Leon Blitz Open 2020"]
[Site "chess.com INT"]
[Date "2020.07.14"]
[Round "5"]
[White "Divya, Deshmukh"]
[Black "Shimanov, Aleksandr"]
[Result "0-1"]
[WhiteTitle "WIM"]
[BlackTitle "GM"]
[WhiteElo "2305"]
[BlackElo "2593"]
[WhiteFideId "35006916"]
[BlackFideId "4198603"]
[EventDate "2020.07.14"]
[EventType "blitz"]

1. e4 c6 2. d4 d5 3. exd5 cxd5 4. Bd3 Nc6 5. c3 Qc7 6. Ne2 Bg4 7. f3 Bd7 8. O-O
e5 9. dxe5 Nxe5 10. Kh1 Nf6 11. Bf4 Bd6 12. Na3 a6 13. Nc2 h6 14. Ne3 O-O-O 15.
b4 Rhe8 16. Nd4 Kb8 17. Rc1 Nc6 18. Bxd6 Qxd6 19. Nef5 Bxf5 20. Nxf5 Qf4 21. g3
Qc7 22. Nxg7 Rg8 23. Nf5 Ne5 24. b5 a5 25. f4 Nc4 26. Bxc4 dxc4 27. Qf3 Rd3 28.
Qg2 Ng4 29. Rf3 Qc5 30. Nd4 Re8 31. Rxd3 cxd3 32. h3 Ne3 33. Qd2 Qd5+ 34. Kh2
Qe4 35. Rg1 Nc4 36. Qd1 d2 37. Qb3 Qd3 38. Nc6+ Kc7 39. Ne5 Rxe5 40. fxe5 Qe2+
41. Rg2 Qf1 42. Rxd2 Nxd2 43. b6+ Kb8 0-1

[Event "33rd Leon Blitz Open 2020"]
[Site "chess.com INT"]
[Date "2020.07.14"]
[Round "5"]
[White "Osmak, Iulija"]
[Black "Leenhouts, Koen"]
[Result "0-1"]
[WhiteTitle "IM"]
[BlackTitle "IM"]
[WhiteElo "2438"]
[BlackElo "2414"]
[WhiteFideId "14101602"]
[BlackFideId "1008439"]
[EventDate "2020.07.14"]
[EventType "blitz"]

1. Nc3 g6 2. d4 d5 3. Bf4 Bg7 4. e3 a6 5. h4 h6 6. Nf3 c5 7. Ne5 Nc6 8. Qd2 cxd4
9. exd4 Nf6 10. f3 h5 11. O-O-O Bf5 12. Be2 Nb4 13. Nd3 Nxd3+ 14. Bxd3 Bxd3 15.
Qxd3 Rc8 16. Kb1 O-O 17. Be5 Qd7 18. Rdg1 Ne8 19. g4 Bxe5 20. dxe5 Ng7 21. Qxd5
Qc7 22. gxh5 Nxh5 23. e6 Nf4 24. exf7+ Rxf7 25. Qe4 Rg7 26. Rg4 e5 27. Rhg1 Rd8
28. Rg5 Nh3 29. h5 Nxg1 30. Rxg1 Qb6 31. Rh1 g5 32. h6 Rh7 33. Nd5 Qd6 34. c4
Rxh6 35. Rg1 Rg6 36. Ne7+ Kf7 37. Nxg6 Qxg6 0-1

[Event "33rd Leon Blitz Open 2020"]
[Site "chess.com INT"]
[Date "2020.07.14"]
[Round "5"]
[White "Przybylski, Wojciech"]
[Black "Nguyen, Thi Thanh An"]
[Result "1-0"]
[WhiteTitle "FM"]
[BlackTitle "WGM"]
[WhiteElo "2321"]
[BlackElo "2285"]
[WhiteFideId "1117599"]
[BlackFideId "12400300"]
[EventDate "2020.07.14"]
[EventType "blitz"]

1. e4 c5 2. Nf3 d6 3. d4 cxd4 4. Nxd4 Nf6 5. Nc3 g6 6. Be3 Bg7 7. h3 a6 8. Qd2
h5 9. f4 Nbd7 10. Be2 Qc7 11. Bf3 e5 12. Nde2 b5 13. O-O-O Bf8 14. g4 Bb7 15. g5
Nh7 16. Nd5 Bxd5 17. Qxd5 Rc8 18. Rd2 Be7 19. Nc3 Nb6 20. Bxb6 Qxb6 21. h4 Qe3
22. Qb7 O-O 23. Rf1 Rxc3 24. Qxe7 Rc6 25. fxe5 Rfc8 26. Bd1 R6c7 27. Qxd6 Qxe4
28. Re2 Qxh4 29. e6 Qxg5+ 30. Kb1 fxe6 31. Rxe6 Nf8 32. Rxf8+ Rxf8 33. Rxg6+
Qxg6 34. Qxg6+ Rg7 35. Qxh5 Rf1 36. Qd5+ Kf8 37. Qd6+ Kg8 38. Qd8+ Kh7 39. Qd3+ 1-0

[Event "33rd Leon Blitz Open 2020"]
[Site "chess.com INT"]
[Date "2020.07.14"]
[Round "5"]
[White "Rosenberg, Evan S"]
[Black "Elgersma, Onno"]
[Result "0-1"]
[BlackTitle "FM"]
[WhiteElo "2125"]
[BlackElo "2298"]
[WhiteFideId "2019299"]
[BlackFideId "1053531"]
[EventDate "2020.07.14"]
[EventType "blitz"]

1. Nf3 Nf6 2. c4 e6 3. Nc3 d5 4. d4 a6 5. Bg5 dxc4 6. e4 b5 7. e5 h6 8. Bh4 g5
9. exf6 gxh4 10. a4 b4 11. Ne4 Bb7 12. Nc5 Bxc5 13. dxc5 Qxf6 14. Bxc4 h3 15.
O-O hxg2 16. Re1 Bxf3 17. Qb3 Nc6 18. Bxe6 O-O 19. Bd5 Nd4 20. Qc4 Rae8 21. Rxe8
Rxe8 22. Bxf7+ Qxf7 23. Qxd4 Qe7 24. Qxb4 Qe4 25. Qb3+ Qd5 26. Qxd5+ Bxd5 27. h4
Re2 28. b4 Rb2 29. b5 axb5 30. axb5 Rxb5 31. c6 Bxc6 32. Rc1 Bf3 33. Kh2 Rd5 34.
Kg3 Rd1 35. Rxd1 Bxd1 36. Kxg2 c5 37. f4 c4 38. Kf2 c3 39. Ke1 c2 40. Kd2 Kf7
41. h5 Kf6 42. Kc1 Kf5 43. Kd2 Kxf4 44. Kc1 Ke3 45. Kb2 Kd2 46. Ka2 Be2 47. Kb2
c1=Q+ 48. Kb3 Qc3+ 49. Ka2 Bc4+ 50. Kb1 Qc1# 0-1

[Event "33rd Leon Blitz Open 2020"]
[Site "chess.com INT"]
[Date "2020.07.14"]
[Round "5"]
[White "Mhango, Banele"]
[Black "Jones, Gawain C B"]
[Result "0-1"]
[WhiteTitle "FM"]
[BlackTitle "GM"]
[WhiteElo "2117"]
[BlackElo "2670"]
[WhiteFideId "14327040"]
[BlackFideId "409561"]
[EventDate "2020.07.14"]
[EventType "blitz"]

1. d4 Nf6 2. c4 g6 3. g3 Bg7 4. Bg2 c5 5. Nf3 O-O 6. O-O d6 7. Nc3 Nc6 8. dxc5
dxc5 9. Be3 Qa5 10. Qa4 Qxa4 11. Nxa4 b6 12. Nc3 Ng4 13. Bd2 Rd8 14. h3 Nf6 15.
Rad1 Bb7 16. b3 Nd4 17. Nxd4 Bxg2 18. Kxg2 cxd4 19. Nb5 a6 20. Na3 Ne4 21. f3
Nxd2 22. Rxd2 e5 23. Rfd1 Re8 24. Nc2 a5 25. e3 Bh6 26. Kf2 a4 27. Rd3 axb3 28.
axb3 Ra2 29. R1d2 f5 30. Re2 dxe3+ 31. Nxe3 Rxe2+ 32. Kxe2 f4 33. Ng4 Bg7 34.
gxf4 exf4+ 35. Kd2 Ra8 36. Rd7 Ra2+ 37. Kd3 h5 38. Rd6 hxg4 39. hxg4 Rf2 40. Ke4
Re2+ 41. Kd5 Rd2+ 42. Kc6 Rxd6+ 43. Kxd6 Kf7 44. Kc6 Bd4 45. b4 Ke6 46. c5 bxc5
47. bxc5 Be5 0-1

[Event "33rd Leon Blitz Open 2020"]
[Site "chess.com INT"]
[Date "2020.07.14"]
[Round "5"]
[White "Schitco, Ivan"]
[Black "Kovalev, Vladislav"]
[Result "1/2-1/2"]
[WhiteTitle "IM"]
[BlackTitle "GM"]
[WhiteElo "2467"]
[BlackElo "2648"]
[WhiteFideId "13905465"]
[BlackFideId "13504398"]
[EventDate "2020.07.14"]
[EventType "blitz"]

1. d4 Nf6 2. c4 e6 3. g3 d5 4. Bg2 Be7 5. Nf3 O-O 6. Nc3 Nbd7 7. O-O dxc4 8. e4
b5 9. e5 Nd5 10. Nxb5 Bb7 11. Nd2 Rb8 12. Re1 Bb4 13. a3 Ba5 14. Qc2 c5 15. Nd6
Ba6 16. N6xc4 cxd4 17. b4 Bc7 18. Bb2 Rc8 19. Qb3 Nc3 20. a4 Bxc4 21. Nxc4 Nb6
22. Nxb6 Bxb6 23. a5 Bc7 24. Bb7 Rb8 25. a6 Bb6 26. Rac1 Qg5 27. Kg2 Rfd8 28.
Ra1 Qd2 29. Rf1 h5 30. Bc1 Qd3 31. Bg5 Rd7 32. Rfe1 Qf5 33. Bd2 h4 34. Qc4 h3+
35. Kg1 Rc7 36. Qf1 Rd8 37. Rac1 Rcd7 38. Bc6 Rc7 39. Bb7 g6 40. Bh1 Kg7 41. Bb7
Rcd7 42. Bc6 Rc7 43. Bb7 Re7 44. Bc6 Rc7 45. Bb7 1/2-1/2

[Event "33rd Leon Blitz Open 2020"]
[Site "chess.com INT"]
[Date "2020.07.14"]
[Round "5"]
[White "Melian, Juan Sebastian"]
[Black "Simonovic, Miroslav"]
[Result "1-0"]
[WhiteTitle "CM"]
[BlackTitle "CM"]
[WhiteElo "1950"]
[BlackElo "2129"]
[WhiteFideId "3706575"]
[BlackFideId "919152"]
[EventDate "2020.07.14"]
[EventType "blitz"]

1. e4 c5 2. Nc3 Nc6 3. Nf3 e5 4. Bc4 g6 5. O-O Bg7 6. d3 h6 7. Ne1 Nge7 8. g3
O-O 9. Ng2 Kh7 10. Be3 b6 11. f4 d6 12. g4 f5 13. gxf5 gxf5 14. exf5 Nxf5 15.
Bd2 Bb7 16. Qh5 Ncd4 17. fxe5 Bxg2 18. Kxg2 dxe5 19. Bf7 Qh4 20. Qg6+ Kh8 21.
Rxf5 Nxf5 22. Qxf5 Rxf7 23. Qxf7 Rf8 24. Qxf8+ Bxf8 25. h3 Be7 26. Ne4 Qh5 27.
Rf1 Kg7 28. Ng3 Qg6 29. Kh2 Bg5 30. Bc3 Qe6 31. Rf5 Bf6 32. Nh5+ Kg6 33. Rxf6+
Qxf6 34. Nxf6 Kxf6 35. Kg3 b5 36. b3 Kf5 37. Kf3 a6 38. a4 bxa4 39. bxa4 h5 40.
h4 c4 41. dxc4 e4+ 42. Ke3 Kg4 43. Kxe4 Kxh4 44. c5 Kh3 45. c6 Kg2 46. c7 h4 47.
c8=Q h3 48. Qg4+ Kh2 49. Bd4 1-0

[Event "33rd Leon Blitz Open 2020"]
[Site "chess.com INT"]
[Date "2020.07.14"]
[Round "5"]
[White "Babazada, Khazar"]
[Black "Demchenko, Anton"]
[Result "1-0"]
[WhiteTitle "FM"]
[BlackTitle "GM"]
[WhiteElo "2409"]
[BlackElo "2641"]
[WhiteFideId "13413554"]
[BlackFideId "4160258"]
[EventDate "2020.07.14"]
[EventType "blitz"]

1. e4 e5 2. Nf3 Nc6 3. Bb5 a6 4. Ba4 Nge7 5. c4 Ng6 6. d3 Bc5 7. Nc3 d6 8. Be3
Bxe3 9. fxe3 O-O 10. O-O f5 11. exf5 Bxf5 12. Bc2 Qd7 13. a3 Rae8 14. b4 e4 15.
dxe4 Bg4 16. Qd2 Kh8 17. Rf2 Nce5 18. Nxe5 Nxe5 19. Bb3 Be6 20. Raf1 Rxf2 21.
Rxf2 Nxc4 22. Bxc4 Bxc4 23. Qd4 Bg8 24. h4 h6 25. Ne2 Bh7 26. Rf4 Qe7 27. Ng3 c6
28. a4 Rd8 29. a5 Bg6 30. h5 Bh7 31. Kf2 d5 32. Nf5 Bxf5 33. exf5 Rf8 34. g4
Qh4+ 35. Kg2 Qg5 36. Kg3 Kg8 37. Rf3 Qe7 38. Rf4 Re8 39. Kf3 Qh4 40. Kg2 Qe1 41.
f6 Qe2+ 42. Rf2 Qxf2+ 43. Kxf2 gxf6 44. Qf4 Kg7 45. Qc7+ Kg8 46. Qxb7 1-0

[Event "33rd Leon Blitz Open 2020"]
[Site "chess.com INT"]
[Date "2020.07.14"]
[Round "5"]
[White "Ponkratov, Pavel"]
[Black "Kuzubov, Yuriy"]
[Result "1-0"]
[WhiteTitle "GM"]
[BlackTitle "GM"]
[WhiteElo "2631"]
[BlackElo "2643"]
[WhiteFideId "4157800"]
[BlackFideId "14112906"]
[EventDate "2020.07.14"]
[EventType "blitz"]

1. d4 Nf6 2. c4 e6 3. Nf3 d5 4. Nc3 Nbd7 5. Bf4 dxc4 6. e3 Nd5 7. Bg5 f6 8. Bh4
Bb4 9. Qc2 b5 10. e4 Nf4 11. Bg3 Nh5 12. Be2 Bb7 13. O-O Bxc3 14. bxc3 O-O 15.
Rab1 a6 16. a4 f5 17. exf5 Rxf5 18. Bxc4 bxc4 19. Rxb7 Nxg3 20. hxg3 Nb6 21. Qe4
Qc8 22. Re1 Rf6 23. Ng5 g6 24. Nxe6 Qe8 25. a5 Na4 26. Qe5 Rf7 27. Rxc7 Nxc3 28.
Rxc4 Nb5 29. d5 Qd7 30. Rec1 Re8 31. Rc6 Rf5 32. Nc5 Qf7 33. Qb2 Rxd5 34. Nxa6
Nd4 35. Rc8 Rdd8 36. Rxd8 Rxd8 37. Nc5 Qe7 38. Kh2 Qe5 39. Qa2+ Kh8 40. Qa1 Kg8
41. Kg1 Ne2+ 42. Kf1 Qe7 43. Qa2+ Kg7 44. Qxe2 1-0